Modeling of inclined fracture network and calculation of fracture effect on seismic signal spectrum; IOP Conference Series: Earth and Environmental Science; Vol. 21: XVIII International Scientific Symposium in Honour of Academician M. A. Usov: Problems of Geology and Subsurface Development 7–11 April 2014, Tomsk, Russia
| Parent link: | IOP Conference Series: Earth and Environmental Science Vol. 21: XVIII International Scientific Symposium in Honour of Academician M. A. Usov: Problems of Geology and Subsurface Development 7–11 April 2014, Tomsk, Russia.— 2014.— [012016, 6 p.] |
|---|---|
| Autor principal: | |
| Autor Corporativo: | |
| Otros Autores: | , |
| Sumario: | Title screen The paper considers modeling technique for the medium with a network of inclined fractures and calculations for completing seismic tasks for such a medium. The network of plane-parallel fractures has controlled dip angle and fluid saturation. The time section for a model with water-saturated fractures is produced. The comparison of incident and transmitted signal spectra is made. Режим доступа: по договору с организацией-держателем ресурса |
| Lenguaje: | inglés |
| Publicado: |
2014
|
| Materias: | |
| Acceso en línea: | http://iopscience.iop.org/1755-1315/21/1/012016 |
| Formato: | Electrónico Capítulo de libro |
| KOHA link: | https://koha.lib.tpu.ru/cgi-bin/koha/opac-detail.pl?biblionumber=637833 |
MARC
| LEADER | 00000nla2a2200000 4500 | ||
|---|---|---|---|
| 001 | 637833 | ||
| 005 | 20240206114259.0 | ||
| 035 | |a (RuTPU)RU\TPU\network\2013 | ||
| 090 | |a 637833 | ||
| 100 | |a 20141027d2014 k y0engy50 ba | ||
| 101 | 0 | |a eng | |
| 102 | |a GB | ||
| 135 | |a drcn ---uucaa | ||
| 181 | 0 | |a i | |
| 182 | 0 | |a b | |
| 200 | 1 | |a Modeling of inclined fracture network and calculation of fracture effect on seismic signal spectrum |f A. A. Shatskaya, M. M. Nemirovich-Danchenko, D. A. Terre | |
| 203 | |a Text |c electronic | ||
| 300 | |a Title screen | ||
| 320 | |a [References: 10 tit.] | ||
| 330 | |a The paper considers modeling technique for the medium with a network of inclined fractures and calculations for completing seismic tasks for such a medium. The network of plane-parallel fractures has controlled dip angle and fluid saturation. The time section for a model with water-saturated fractures is produced. The comparison of incident and transmitted signal spectra is made. | ||
| 333 | |a Режим доступа: по договору с организацией-держателем ресурса | ||
| 461 | 0 | |0 (RuTPU)RU\TPU\network\2499 |t IOP Conference Series: Earth and Environmental Science | |
| 463 | 0 | |0 (RuTPU)RU\TPU\network\2501 |t Vol. 21: XVIII International Scientific Symposium in Honour of Academician M. A. Usov: Problems of Geology and Subsurface Development 7–11 April 2014, Tomsk, Russia |v [012016, 6 p.] |d 2014 | |
| 610 | 1 | |a электронный ресурс | |
| 610 | 1 | |a труды учёных ТПУ | |
| 610 | 1 | |a трещины | |
| 610 | 1 | |a спектры | |
| 610 | 1 | |a сейсмические сигналы | |
| 700 | 1 | |a Shatskaya |b A. A. |c geophysicist |c Assistant of Tomsk Polytechnic University |f 1990- |g Aleksandra Andreevna |3 (RuTPU)RU\TPU\pers\32897 |9 16745 | |
| 701 | 1 | |a Nemirovich-Danchenko |b M. M. |c geophysicist |c Professor of Tomsk Polytechnic University, Doctor of physical and mathematical sciences |f 1955- |g Mikhail Mikhailovich |3 (RuTPU)RU\TPU\pers\32898 | |
| 701 | 1 | |a Terre |b D. A. |c linguist |c Associate Professor of Tomsk Polytechnic University, Candidate of philological science |f 1980- |g Dina Anatolievna |3 (RuTPU)RU\TPU\pers\30937 |9 15175 | |
| 712 | 0 | 2 | |a Национальный исследовательский Томский политехнический университет (ТПУ) |b Институт природных ресурсов (ИПР) |b Кафедра геофизики (ГЕОФ) |3 (RuTPU)RU\TPU\col\18667 |
| 801 | 2 | |a RU |b 63413507 |c 20141225 |g RCR | |
| 856 | 4 | |u http://iopscience.iop.org/1755-1315/21/1/012016 | |
| 942 | |c CF | ||